| 000 | 01060nam a22003137a 4500 | ||
|---|---|---|---|
| 001 | BR7901617 | ||
| 003 | BR-BrBNA | ||
| 005 | 20230928085950.0 | ||
| 007 | ta | ||
| 008 | 230509b bl.||||| |||| 00| 0 por d | ||
| 040 |
_aBR-BrBNA _bpor _cBiblioteca Nacional de Agricultura |
||
| 041 | _a(Por) | ||
| 072 |
_aF30; F00; H00 _b0180 _b0185 _b0110 _b/G514 |
||
| 090 | _ 0180 BR7901617 | ||
| 110 | 1 | _aCentro Nacional de Pesquisa de Trigo, Passo Fundo, RS (Brasil) | |
| 111 | 1 |
_a10. Reuniao Anual Conjunta de Pesquisa de Trigo _cPorto Alegre, RS (Brazil) _d3 Apr 1978 |
|
| 245 | 1 |
_aMelhoramento de trigo, sementes, triticale e cevada [Producao vegetal; Defesa vegetal; Triticum spp; Triticale hexaploide; Hordeum vulgare; Brasil] _bv. 1 |
|
| 260 | 3 |
_aPasso Fundo, RS (Brasil): _c1978. |
|
| 300 | _a223 p. | ||
| 650 | _aMelhoramento genetico vegetal | ||
| 650 | _aProducao vegetal | ||
| 650 | _aDefesa vegetal | ||
| 650 | _aTrigo | ||
| 650 | _aTriticale | ||
| 650 | _aCevada | ||
| 650 | _aSemente | ||
| 909 |
_a202309 _bLucia _c55 _dLucia Elande |
||
| 942 | _cBK | ||
| 999 |
_c27219 _d27219 |
||